Semblanza italiana de Pedro III de Aragón (Record no. 108409)

MARC details
000 -LEADER
campo de control de longitud fija 00664nam a2200181 i 4500
001 - NÚMERO DE CONTROL
campo de control 108409
003 - IDENTIFICADOR DE NÚMERO DE CONTROL
campo de control ES-MaACL
005 - FECHA Y HORA DE LA ÚLTIMA TRANSACCIÓN
campo de control 20250730225922.0
007 - CAMPO FIJO DE DESCRIPCIÓN FÍSICA--INFORMACIÓN GENERAL
campo de control de longitud fija t|
008 - DATOS DE LONGITUD FIJA--INFORMACIÓN GENERAL
campo de control de longitud fija 061121s1941 sp r ||||1| spa d
100 1# - ENTRADA PRINCIPAL--NOMBRE DE PERSONA
Nombre de persona Montero Díaz, Santiago,
Fechas asociadas al nombre 1911-1985
9 (RLIN) 82517
245 10 - MENCIÓN DEL TÍTULO
Título Semblanza italiana de Pedro III de Aragón
Resto del título : conferencia [leída en el Instituto Italiano de Cultura de Madrid el 7 de mayo de 1940] /
Mención de responsabilidad, etc. Santiago Montero Díaz.
260 ## - PUBLICACIÓN, DISTRIBUCIÓN, ETC.
Lugar de publicación, distribución, etc. Madrid :
Nombre del editor, distribuidor, etc. [s.n.],
Fecha de publicación, distribución, etc. 1941 (
Fabricante ` Marsiega`)
300 ## - DESCRIPCIÓN FÍSICA
Extensión 31 p. ;
Dimensiones 22 cm.
600 07 - PUNTO DE ACCESO ADICIONAL DE MATERIA--NOMBRE DE PERSONA
Nombre de persona Pedro
Numeración III,
Títulos y otros términos asociados al nombre Rey de Aragón
Fuente del encabezamiento o término
9 (RLIN) 140296
852 ## - LOCALIZACIÓN
Ubicación ES-MaACL
Número de control de estantería 1831-F-8
Sublocalización o colección R.19002
Holdings
Estatus retirado Estado de pérdida Estado de daño No para préstamo Colección Biblioteca de origen Biblioteca actual Ubicación en estantería Fecha de adquisición Fuente de adquisición Total de préstamos Signatura topográfica completa Código de barras Visto por última vez Precio de reemplazo Tipo de ítem Koha
        Colección de folletos Biblioteca del Ateneo de Madrid Biblioteca del Ateneo de Madrid Depósito folletos 17/01/2008     1831-F-8 1113124 23/02/2023 23/02/2023 Folleto